| 000 | 00880nam a2200229 i 4500 | ||
|---|---|---|---|
| 003 | DO-SdBNP | ||
| 005 | 20240314101405.0 | ||
| 007 | ta | ||
| 008 | 211022e2010 dr ||||frlg|| 001 0dspa d | ||
| 040 |
_aDO-SdBNP _bspa _cBNPHU _erda |
||
| 082 | 4 |
_a344.729302 _bC755L, 2010 _222 |
|
| 110 | 2 |
_963839 _aConsejo Nacional de Seguridad Social (República Dominicana) |
|
| 245 | 0 | 0 |
_aLey no. 87-01 que crea el Sistema Dominicano de Seguridad Social y sus modificaciones : _bcontiene las modificaciones de los artículos 1, 20, 28, 56, 97, 140 y 176. |
| 264 |
_aSanto Domingo : _bCNSS, _c2010. |
||
| 300 |
_a238 páginas ; _c22 cm. |
||
| 336 |
_2rdacontent _atexto _btxt |
||
| 337 |
_2rdamedia _asin mediación _bn |
||
| 338 |
_2rdacarrier _avolumen _bnc |
||
| 590 | _aInventariado 2021 / MF | ||
| 650 | 4 |
_aSeguridad social _xLegislación _zRepública Dominicana _914351 |
|
| 942 |
_2ddc _cLBS1 |
||
| 999 |
_c50805 _d50805 |
||